000 00404nam a22001697a 4500
005 20160521124144.0
008 160521b xxu||||| |||| 00| 0 eng d
020 _a978-/1-203-0162-02
041 _aeng
082 _b3799
100 _aHarvey M. Wagner
_9963
245 _aPrinciples of Operations Research
260 _aNew Delhi
_bPHI,
300 _a1026
650 _aManagement
_9241
942 _cBK
999 _c1313
_d1313